Statistics for US State Picture Puzzle Game #3

Click here to take the quiz!

General Stats

  • This quiz has been taken 320 times
  • The average score is 13 of 17

Answer Stats

Hint Answer % Correct
'Golden Gate Bridge' citySan Francisco
96%
___ Angeles, CaliforniaLos
96%
The American flag has 13 of theseStripes
91%
He wants to ban Muslims from the USDonald Trump
90%
USA bombed this Japanese cityHiroshima
86%
Talk show host WinfreyOprah
85%
Legalized drug in Colorado, 2012Marijuana
84%
National park located in three statesYellowstone
84%
Biggest importing partner of the USChina
82%
USA bombed this Japanese cityNagasaki
82%
Mile-deep natural feature of ArizonaGrand Canyon
76%
Closest ally to the United StatesUnited Kingdom
75%
HIDDEN STATEIOWA
65%
National Park on Florida's southern tipEverglades
64%
Most famous geyser located in that parkOld Faithful
63%
Only US state with a silent CConnecticut
52%
Highest recipient of US foreign aidAfghanistan
26%

Score Distribution

Percentile by Number Answered

Percent of People with Each Score

Your Score History

You have not taken this quiz